000 00310nam a22001337a 4500
008 181030b xxu||||| |||| 00| 0 eng d
020 _a9780521466875
041 _aeng
080 _a201
100 _a24
101 _aTEO
245 _aResistance, Religion and Responsibility
_cMarshall, J
942 _2udc
_cBK
999 _c51126
_d51126